000 00413nam a2200169Ia 4500
005 20240823011550.0
008 240823s9999||||xx |||||||||||||| ||und||
082 _A658.47 P2
100 _a"Kera,Shiv"
245 0 _aUngallal Vella Mudium (you Can Win)
250 _a1st
260 _c2002
_b"Macmillan,Chennai"
500 _aYES
650 _aManagement
_bManagement Studies
942 _cBK
999 _c161910
_d161910